| 000 | 00763nam a2200277Ia 4500 | ||
|---|---|---|---|
| 001 | 8837 | ||
| 005 | 20240113234136.0 | ||
| 007 | ta | ||
| 008 | 050721s1925 a g b000 u eng u | ||
| 040 | _aCotton College,Assam | ||
| 041 | _aeng | ||
| 082 |
_a822.3409 _bH 421 B |
||
| 100 | _aHerford, C.H. . | ||
| 245 | 0 |
_aBen Jonson: The Man and his Work Vol. 1 / _cC.H. Herford & P. Simpson. _hTextual Documents |
|
| 250 | _a1st ed. / | ||
| 260 |
_aLondon : _bOxford University Press , _c1925. |
||
| 300 |
_a482p. : _bill. ; _c22cm. . |
||
| 504 | _aIndex | ||
| 653 | _aEnglish drama-Criticism | ||
| 653 | _aJonson, Ben-drama-Criticism | ||
| 700 | _aSimpson, P. . | ||
| 942 |
_2ddc _cBK |
||
| 999 |
_c8824 _d8824 |
||